|
|
|
|
| LEADER |
00000cam a2200000 a 4500 |
| 001 |
vtls008351072 |
| 003 |
SK-MaSNL |
| 005 |
20260301123302.0 |
| 008 |
190102s1970 xo f 100 0 slo |
| 015 |
|
|
|a SNBA1970/10-02353
|
| 035 |
|
|
|a SK01SNK19700043289
|
| 035 |
|
|
|a SKM000045752
|
| 040 |
|
|
|a SNK
|b slo
|c SNK
|e AACR2
|
| 041 |
0 |
|
|a slo
|a cze
|
| 044 |
|
|
|a xo
|c SK
|
| 080 |
|
|
|a 616.33/.38-089(082)=854=850
|2 1981
|
| 111 |
2 |
|
|a Chirurgický deň Kostlivého
|n (21. :
|d 1970 :
|c Bratislava, Slovensko)
|4 aut
|9 470057
|
| 245 |
1 |
0 |
|a Náhle príhody brušné
|b súbor prác kolektívu autorov Čs. chirurgickej spoločnosti prednesených na 21. Chirurgickom dni Kostlivého v Bratislave
|
| 260 |
|
|
|a Bratislava
|b Obzor
|c 1970
|e Nitra
|f Nitrianske tlačiarne
|
| 300 |
|
|
|a 136, [2] s.
|b fotogr., grafy, ilustr., sch., tab.
|c 8°
|
| 366 |
|
|
|e 500 výtl.
|
| 500 |
|
|
|a Niektoré príspevky česky
|
| 504 |
|
|
|a Bibliografia v rámci jednotlivých príspevkov
|
| 650 |
0 |
7 |
|a chirurgia
|2 SNKPH
|9 2178
|
| 650 |
0 |
7 |
|a náhle príhody brušné
|2 SNKPH
|9 87441
|
| 655 |
|
7 |
|a zborníky konferencií
|2 SNKPH
|9 70153
|
| 958 |
|
|
|a OND
|
| 958 |
|
|
|a NB
|
| 958 |
|
|
|a ZB
|
| 958 |
|
|
|a MI
|
| 958 |
|
|
|a RK
|
| 999 |
|
|
|c 735680
|d 737610
|
| 952 |
|
|
|a SNK
|b SNK
|y PREZ
|7 0
|o snkSC 26650
|0 0
|1 0
|4 0
|d 2020-06-25
|l 0
|r 2026-02-23 22:43:28
|w 2026-02-23
|
| 952 |
|
|
|a SNK
|b SNK
|y VYP
|7 0
|o snkSC 26650 D1
|0 0
|1 0
|4 0
|d 2020-06-25
|l 0
|r 2026-02-23 22:43:28
|w 2026-02-23
|